| 000 | 00508nam a2200169Ia 4500 | ||
|---|---|---|---|
| 999 |
_c34937 _d34937 |
||
| 003 | OSt | ||
| 005 | 20200611094552.0 | ||
| 008 | 190216s9999||||xx |||||||||||||| ||und|| | ||
| 020 | _a9781851682751 | ||
| 040 | _coclc | ||
| 082 |
_a291.172 _bFOR/S |
||
| 100 |
_aForward, Martin _92763 |
||
| 245 | 2 |
_aA Short Introduction Inter-Religious Dialogue / _cMartin Forward |
|
| 260 |
_bOneworld Oxford, _c2007. _aEngland: |
||
| 300 | _a168p | ||
| 942 |
_cBK _2ddc _h291.172 _iFOR/S _k291.172 _mFOR/S |
||